History Quiz

Random History or Clickable Quiz

US History Event by Decade Quiz Stats

Quiz Updated Sep 25, 2014

Challenge
Share
Tweet
Embed
Score 0/25 Timer 06:00
0 Plays Today
% Correct
War in Afghanistan begins
91.7%
Snowden leaks NSA documents
90.8%
Reagan elected President
89.6%
Attack on Pearl Harbor
87.3%
First man on the moon
86.5%
Watergate Scandal
86.5%
Korean War
83.3%
Rodney King Riots
81.4%
World War I
74.4%
US Civil War
72.3%
Declaration of Independence
70.7%
Dust Bowl
69.4%
Ford Motor Company founded
62.8%
% Correct
Constitutional Convention
57.4%
Spanish–American War
48.3%
Scopes Trial
47%
Lewis and Clark Expedition
47%
Assassination of President Garfield
45.1%
Battle of the Alamo
41.5%
Battle of the Little Bighorn
40.6%
Dred Scott decision
39.2%
Monroe Doctrine issued
35.4%
XYZ Affair
26%
Seneca Falls Convention
19.4%
Creek War
17.6%

You're not logged in!

Compare scores with friends on all Sporcle quizzes.
Sign Up with Email
OR
Log In

You Might Also Like...

Show Comments

Extras

Top Quizzes Today


Score Distribution

Your Account Isn't Verified!

In order to create a playlist on Sporcle, you need to verify the email address you used during registration. Go to your Sporcle Settings to finish the process.

Report this User

Report this user for behavior that violates our Community Guidelines.

Details: